| 000 | 01266nam0a2200337 i 4500 | ||
|---|---|---|---|
| 001 | RU\NLR\BIBL_A\010795248 | ||
| 005 | 20240921111911.0 | ||
| 010 | _a9785971022640 | ||
| 021 |
_aRU _b2015-40846 _92430 |
||
| 035 | _a(NILC)RuMoRGB-007945867 | ||
| 035 | _a(NLR Aleph) 010795248 | ||
| 090 |
_a10132970 _c10132970 |
||
| 100 | _a20150630d2015 km y0rusy50 ca | ||
| 101 | 0 | _arus | |
| 102 | _aRU | ||
| 105 | _ay z 000yy | ||
| 200 | 1 |
_aИстория обособления торгового права _fВ. А. Удинцев |
|
| 205 |
_aИзд. 2-е _b[репр.] |
||
| 210 |
_aМосква _cURSS _cЛЕНАНД _d2015 |
||
| 215 |
_a216, [2] с. _d22 |
||
| 225 | 1 | _aАкадемия фундаментальных исследований: история | |
| 225 | 1 | _aКлассика политэкономической мысли | |
| 320 | _aБиблиогр. в подстроч. примеч. | ||
| 606 | 1 |
_aТорговое право _yРоссия _92268360 _3RU\NLR\AUTH\661359698 |
|
| 686 | 1 | _aХ839(2) | |
| 700 | 1 |
_aУдинцев _bВ. А. _f1865-1930 _gВсеволод Аристархович |
|
| 801 | 0 |
_aRU _bРГБ _c20150603 _gRCR |
|
| 942 | _cBOOK | ||
| 980 | _aNBR | ||